| 000 | 00818nam a22002531 4500 | ||
|---|---|---|---|
| 001 | 67000 | ||
| 003 | ES-MaACL | ||
| 005 | 20251005063045.0 | ||
| 007 | t| | ||
| 008 | 000401s1956 sp ||||0| spa d | ||
| 016 | 7 | _zIND2000913206 | |
| 040 |
_aM-BN _bspa _cCDM |
||
| 080 | _a821.134.2-14"19" | ||
| 100 | 1 |
_aVázquez, Pura, _d1918-2006 _9113384 |
|
| 245 | 1 | 0 |
_aMañana del amor _b: (poesía) / _cPura Vázquez ; con tres ilustraciones de Gustavo Schmidt. |
| 250 | _a1ª ed. | ||
| 260 |
_aBarcelona : _bSurco, _c1956. |
||
| 300 |
_a51 p., 1 h. de lám : _bil ; _c23 cm. |
||
| 490 | 1 |
_aTiempo nuestro ; _v1 |
|
| 700 | 1 |
_aSchmidt, Gustavo. _9104476 |
|
| 830 | 0 |
_aTiempo nuestro ; _v1 _9230866 |
|
| 852 |
_aES-MaACL _j2170-F-23 _bR.124952 _d. - Ded. autógr. de la autora |
||
| 999 |
_c67000 _d67000 |
||